000 00742nam a2200241 i 4500
001 C2-0145636
003 PPAK
005 20180727130925.0
008 980310s1993 enka|||| ||||| | eng d
020 _a0751350451
040 _aPPAK
_beng
_cPPAK
_erda
082 0 4 _a359.222
_223
090 0 0 _a359.222
_bPLA
_dR
100 1 _aBiestys, Stephen,
_eauthor
245 1 0 _aStephen Biesty's cross-sections :
_bman-of-war
264 1 _aLondon :
_bDorling Kindersley ,
_c1993
300 _a32 pages :
_bcolour illustrations ;
_c36 cm
336 _2rdacontent
_atext
337 _2rdamedia
_aunmediated
338 _2rdacarrier
_avolume
650 1 0 _aBattlership - History - 18th century - Pictorial works - Juvenile literature
942 _ddc
_cB
999 _c46200
_d46200